000 00579 a2200169 4500
999 _c246
_d246
020 _a041501560X
020 _a0415015618 (pbk.)
050 0 0 _aBF121. HAY 1998
100 1 _aHayes, Nicky.
_eauthor
245 1 0 _aFoundations of psychology :
_ban introductory text /
_cNicky Hayes.
264 _aLondon:
_bRoutledge.,
_c1998
300 _axvi, 1117p. :
_bill.
500 _aIncludes bibliographical references and index
650 0 _aPsychology.
942 _2lcc
_cBK
_h121
_iHAY
_kBF